| 000 | 00682cam a2200205 a 4500 | ||
|---|---|---|---|
| 001 | 000002369 | ||
| 005 | 20200929150205.0 | ||
| 008 | 750626s1951 xxua 001 0 eng | ||
| 040 |
_aDO-SdBNP _bspa _cBNPHU |
||
| 082 |
_a641.563 _bV371g |
||
| 100 | 1 |
_aVaughn, Margaret _97536 |
|
| 245 | 1 | 0 |
_aGood food without salt / _cintroducción por Mary Catherine Tyson; prólogo por Solomon Silver. |
| 260 |
_aNew York : _bThomas Y. Crowell, _c1951. |
||
| 300 |
_a188 p. : _bil ; _c21 cm. |
||
| 504 | _aIncluye índice | ||
| 650 | 4 |
_aDieta libre de sal _97537 |
|
| 650 | 4 |
_aCocina para enfermos _97538 |
|
| 700 | 1 |
_aTyson, Mary Catherine _eintrod. _97539 |
|
| 700 | 1 |
_aSilver, Solomon _epró. _97540 |
|
| 999 |
_c2211 _d2211 |
||